Nicaragua's structural hurricane /
保存先:
| 第一著者: | |
|---|---|
| フォーマット: | テキスト |
| 主題: | |
| タグ: |
タグ追加
タグなし, このレコードへの初めてのタグを付けませんか!
|
MARC
| LEADER | 00000 a a2200000 04500 | ||
|---|---|---|---|
| 001 | 9931 | ||
| 003 | |||
| 040 | |||
| 100 | |a Bendaña, Alejandro | ||
| 245 | |a Nicaragua's structural hurricane / |c Alejandro Bendaña | ||
| 650 | |a POBREZA | ||
| 650 | |a DESASTRES NATURALES | ||
| 650 | |a COOPERACION INTERNACIONAL | ||
| 650 | |a VICTIMAS | ||
| 650 | |a ESTADO DE EMERGENCIA | ||
| 773 | |g volumen 33, número 2; páginas 16-18 | ||
| 999 | |c 34658 |d 34658 | ||
